Towards zero waste (Record no. 109058)

MARC details
000 -LEADER
fixed length control field 01518cam a22002295a 4500
001 - CONTROL NUMBER
control field L146126
008 - FIXED-LENGTH DATA ELEMENTS--GENERAL INFORMATION
fixed length control field 081211e20081202xxkado f 000 0 eng d
035 ## - SYSTEM CONTROL NUMBER
System control number (Sirsi) u146126
041 0# - LANGUAGE CODE
Language code of text/sound track or separate title eng
050 04 - LIBRARY OF CONGRESS CALL NUMBER
Classification number 614.76 $2 18
110 2# - MAIN ENTRY--CORPORATE NAME
Corporate name or jurisdiction name as entry element Town and Country Planning Association
9 (RLIN) 3022
245 00 - TITLE STATEMENT
Title Towards zero waste
Remainder of title eco-towns waste management worksheet
Medium [electronic resource]
260 ## - PUBLICATION, DISTRIBUTION, ETC.
Place of publication, distribution, etc. London
Name of publisher, distributor, etc. TCPA
Date of publication, distribution, etc. 2008
505 2# - FORMATTED CONTENTS NOTE
Formatted contents note Introduction -- Principles -- Outcomes -- Planning for waste -- Detailed outcomes -- Construction and materials -- Governance and funding -- References -- Annexes: glossary; signposts to further sources of information; credits available for construction waste under the Code for Sustainable Homes and BREAM
520 ## - SUMMARY, ETC.
Summary, etc. Looks at waste management planning for eco-towns at the master plan stage. Introduces waste hierarchies and promotes a zero waste approach, providing a case study from the Japanese community of Kamikatsu and examples of biomass/CHP plants in Europe. Advocates going well beyond existing guidelines to try and minimise materials going to landfill across the board. Provides a wide range of references for additional reading material and checklists to guide planners.
521 ## - TARGET AUDIENCE NOTE
Target audience note Advanced
590 ## - LOCAL NOTE (RLIN)
Local note KA NTK
651 #4 - SUBJECT ADDED ENTRY--GEOGRAPHIC NAME
Geographic name England and Wales
Chronological subdivision 1543-
690 ## - LOCAL SUBJECT ADDED ENTRY--TOPICAL TERM (OCLC, RLIN)
Topical term or geographic name as entry element ENVIRONMENTAL AND LAND CONSULTANCY-WASTE MANAGEMENT
856 40 - ELECTRONIC LOCATION AND ACCESS
Uniform Resource Identifier <a href="https://www.tcpa.org.uk/pages/sustainability-worksheets.html">https://www.tcpa.org.uk/pages/sustainability-worksheets.html</a>
Public note View the item free of charge online at www.tcpa.org.uk...
942 ## - ADDED ENTRY ELEMENTS (KOHA)
Suppress in OPAC 0
Holdings
Withdrawn status Lost status Source of classification or shelving scheme Damaged status Not for loan Home library Current library Shelving location Date acquired Total Checkouts Full call number Barcode Date last seen Copy number Price effective from Koha item type
    Dewey Decimal Classification     Virtual Virtual Online 11/12/2008   ONLINE PUBLICATION 146126-1001 06/08/2019 1 06/08/2019 Book